| 000 | 00818cam a2200241 a 4500 | ||
|---|---|---|---|
| 001 | BD-DhSAU 746 | ||
| 003 | BD-DhSAU | ||
| 005 | 20150106201453.0 | ||
| 008 | 980227s1998 - a b 101 0deng | ||
| 020 | _a0851992668 (alk. paper) | ||
| 040 | _cBD-DhSAU | ||
| 082 | 0 | 0 |
_a579.5165 _222 _bMOL |
| 100 | _aEdited by Bridge, P. | ||
| 245 | 0 | 0 |
_aMolecular variability of fungal pathogens / _cedited by P. Bridge, Y. Couteaudier & J. Clarkson. |
| 260 |
_aNew York : _bCab International ; _cc1998. |
||
| 300 |
_axiv, 319 p. : _bill. ; _c24 cm. |
||
| 504 | _aIncludes bibliographical references and index. | ||
| 590 | _aJerin | ||
| 650 | 0 |
_aPathogenic fungi _xMolecular aspects _xCongresses. |
|
| 650 | 0 | _aPlant pathology | |
| 700 | 1 |
_aEdited by Couteaudier, Y. _q(Yvonne) |
|
| 700 | 1 |
_aEdited by Clarkson, J. M. _q(John M.) |
|
| 942 |
_2ddc _cBOOK |
||
| 999 |
_c746 _d746 |
||